[Event "CN Equipas 2017 - 1. div"]
[Site "Leiria POR"]
[Date "2017.07.22"]
[Round "8.5.4"]
[White "Strikovic, Aleksa"]
[Black "Cavaleiro, Daniel"]
[Result "1-0"]
[WhiteElo "2509"]
[BlackElo "2006"]
[WhiteFideId "900150"]
[BlackFideId "1904663"]
[WhiteTeam "AX Gaia 'A'"]
[BlackTeam "CX Montemor-o-Velho/CTGA 'A'"]
[WhiteTitle "GM"]
[PlyCount "61"]

1. e4 g6 2. d4 Bg7 3. Nc3 d6 4. h3 e6 5. g3 Ne7 6. Bg2 Nd7 7. Nge2 O-O 8. O-O e5
9. Be3 Nb6 10. b3 Bd7 11. a4 exd4 12. Bxd4 Bxd4 13. Qxd4 Nc6 14. Qd2 a5 15. Rad1
Qf6 16. Nb5 Rac8 17. Qe3 Na8 18. Nf4 Be6 19. Nd3 Qg7 20. f4 f6 21. Rfe1 Rce8 22.
Qf2 Nb6 23. Nxd6 cxd6 24. Qxb6 Rc8 25. Rd2 Qc7 26. Qf2 Kg7 27. Red1 Rcd8 28. Kh2
Bf7 29. Nc1 Rfe8 30. Ne2 h5 31. Nc3 1-0

[Event "CN Equipas 2017 - 1. div"]
[Site "Leiria POR"]
[Date "2017.07.23"]
[Round "9.1.1"]
[White "Iturrizaga, Eduardo"]
[Black "Sprenger, Jan"]
[Result "1-0"]
[WhiteElo "2664"]
[BlackElo "2514"]
[WhiteFideId "3901211"]
[BlackFideId "4646258"]
[WhiteTeam "AX Gaia 'A'"]
[BlackTeam "GX Porto 'A'"]
[WhiteTitle "GM"]
[BlackTitle "IM"]
[PlyCount "63"]

1. Nf3 d5 2. d4 Nf6 3. c4 dxc4 4. e3 e6 5. Bxc4 c5 6. O-O a6 7. b3 Nc6 8. Bb2
cxd4 9. Nxd4 Bd7 10. Nd2 Be7 11. N4f3 b5 12. Bd3 Nb4 13. Be2 Bc6 14. a3 Nbd5 15.
Ne5 Bb7 16. a4 b4 17. Rc1 Rc8 18. Ndc4 O-O 19. Bf3 Bc5 20. Qe2 a5 21. Rfd1 Qc7
22. Nd3 Ba6 23. Nxc5 Qxc5 24. Bd4 Qc7 25. Qb2 Bxc4 26. Rxc4 Qb8 27. Bxd5 exd5
28. Rxc8 Qxc8 29. Bxf6 gxf6 30. Qxf6 Qc3 31. Qg5+ Kh8 32. Qxd5 1-0

[Event "CN Equipas 2017 - 1. div"]
[Site "Leiria POR"]
[Date "2017.07.23"]
[Round "9.1.2"]
[White "Iruzubieta, Jesus"]
[Black "Ftacnik, Lubomir"]
[Result "1/2-1/2"]
[WhiteElo "2428"]
[BlackElo "2551"]
[WhiteFideId "2200597"]
[BlackFideId "14900017"]
[WhiteTeam "GX Porto 'A'"]
[BlackTeam "AX Gaia 'A'"]
[WhiteTitle "FM"]
[BlackTitle "GM"]
[PlyCount "236"]

1. e4 c5 2. Nf3 d6 3. d4 cxd4 4. Nxd4 Nf6 5. Nc3 e6 6. g4 h6 7. Rg1 Nc6 8. Be3
Be7 9. Qf3 Nxd4 10. Bxd4 e5 11. Be3 Be6 12. Bb5+ Kf8 13. h4 Rc8 14. g5 hxg5 15.
hxg5 Rh3 16. Qe2 Nh5 17. O-O-O Nf4 18. Bxf4 exf4 19. Nd5 Bxg5 20. Kb1 Bh6 21.
Qd2 Rh5 22. Rh1 Rxh1 23. Rxh1 Qg5 24. Rd1 Qe5 25. f3 g5 26. c3 Rc5 27. Be2 f5
28. Ka1 fxe4 29. fxe4 g4 30. Nxf4 Kg8 31. Rf1 Rc7 32. Qd1 Bxf4 33. Bxg4 Bf7 34.
Qf3 Bh6 35. Bf5 Bc4 36. Rh1 Rg7 37. Qh5 Be3 38. Qh8+ Kf7 39. Qc8 b5 40. Bg4 Qxe4
41. Bh5+ Kf6 42. Qf8+ Rf7 43. Rf1+ Bxf1 44. Qxf7+ Kg5 45. Qxf1 Kxh5 46. Qxb5+
Kg6 47. a3 Bb6 48. Qd7 Qh1+ 49. Ka2 Qd5+ 50. Ka1 Kf6 51. Qe8 Qf7 52. Qe4 Qe6 53.
Qh4+ Kf7 54. Qh7+ Ke8 55. Qb7 Qd7 56. Qa8+ Ke7 57. Qg8 Qf5 58. Qb8 Qf1+ 59. Ka2
Qc4+ 60. Ka1 Kd7 61. Qb7+ Qc7 62. Qf3 Qc6 63. Qf7+ Kc8 64. Qe7 d5 65. Qf8+ Kb7
66. Qe7+ Ka6 67. Qe2+ Qc4 68. Qe6 Qc5 69. Qd7 Bc7 70. Ka2 Kb7 71. Ka1 Qc6 72.
Qg4 a5 73. Qf5 Qb5 74. Qe6 Qc6 75. Qf5 Bb6 76. Qf7+ Ka6 77. Qf5 Qc5 78. Qe6 a4
79. Ka2 Qc4+ 80. Ka1 Ka5 81. Qg8 Qc6 82. Qf8 Ka6 83. Qf5 Qb5 84. Qc8+ Ka7 85.
Qf5 Qc6 86. Qf7+ Ka6 87. Qf1+ Qb5 88. Qf8 Qc5 89. Qa8+ Ba7 90. Qe8 Qc4 91. Qg6+
Ka5 92. Qe6 Bc5 93. Qc6 Ba7 94. Qb7 Qc5 95. Ka2 Bb6 96. Ka1 d4 97. cxd4 Qc1+ 98.
Ka2 Qc4+ 99. Ka1 Bxd4 100. Qa8+ Kb6 101. Qb8+ Ka6 102. Qa8+ Ba7 103. Kb1 Qd3+
104. Ka2 Qb3+ 105. Kb1 Qd3+ 106. Ka2 Qc4+ 107. Kb1 Qc5 108. Ka2 Qc4+ 109. Ka1
Kb6 110. Kb1 Qd3+ 111. Ka2 Qd7 112. Ka1 Kc5 113. Qe4 Qd4 114. Qe7+ Kc4 115. Ka2
Bc5 116. Qf7+ Kd3 117. Qf3+ Kd2 118. Qg2+ Ke1 1/2-1/2

[Event "CN Equipas 2017 - 1. div"]
[Site "Leiria POR"]
[Date "2017.07.23"]
[Round "9.1.3"]
[White "Petkov, Vladimir"]
[Black "Trigo Urquijo, Sergio"]
[Result "1-0"]
[WhiteElo "2489"]
[BlackElo "2389"]
[WhiteFideId "2901188"]
[BlackFideId "2262436"]
[WhiteTeam "AX Gaia 'A'"]
[BlackTeam "GX Porto 'A'"]
[WhiteTitle "GM"]
[BlackTitle "FM"]
[PlyCount "121"]

1. d4 Nf6 2. c4 d6 3. Nf3 g6 4. Nc3 Bg7 5. g3 O-O 6. Bg2 Nbd7 7. O-O e5 8. h3 h6
9. dxe5 dxe5 10. Be3 c6 11. Qd6 Re8 12. Rfd1 Bf8 13. Qd2 Kh7 14. c5 Qc7 15. b4
a5 16. a3 axb4 17. axb4 Rxa1 18. Rxa1 Nb8 19. g4 Na6 20. g5 Rd8 21. Qb2 Nh5 22.
Ne4 Bf5 23. gxh6 f6 24. Nd6 Bxd6 25. cxd6 Qxd6 26. b5 cxb5 27. Qxb5 Qd7 28. Qb6
Be6 29. Nd2 Bd5 30. Ne4 Bc6 31. Nxf6+ Nxf6 32. Bxc6 bxc6 33. Rxa6 Nd5 34. Qa7
Nxe3 35. Qxe3 Qd1+ 36. Kh2 Qd5 37. Ra7+ Rd7 38. Rxd7+ Qxd7 39. Qxe5 Kxh6 40. h4
Qd8 41. Kg3 Kh7 42. h5 Qd1 43. Qe7+ Kh6 44. Qf8+ Kh7 45. Qf7+ Kh8 46. Qe8+ Kh7
47. Qxg6+ Kh8 48. Qe8+ Kh7 49. Qe4+ Kh8 50. Kf4 Qf1 51. Qe8+ Kg7 52. h6+ Kxh6
53. Qxc6+ Kg7 54. Qc7+ Kf6 55. Qb6+ Kf7 56. Qc7+ Kf6 57. Qe5+ Kf7 58. f3 Qf2 59.
Kf5 Qf1 60. Qc7+ Ke8 61. Ke4 1-0

[Event "CN Equipas 2017 - 1. div"]
[Site "Leiria POR"]
[Date "2017.07.23"]
[Round "9.1.4"]
[White "Lombaers, Peter"]
[Black "Strikovic, Aleksa"]
[Result "1-0"]
[WhiteElo "2327"]
[BlackElo "2509"]
[WhiteFideId "1032852"]
[BlackFideId "900150"]
[WhiteTeam "GX Porto 'A'"]
[BlackTeam "AX Gaia 'A'"]
[WhiteTitle "FM"]
[BlackTitle "GM"]
[PlyCount "123"]

1. d4 d6 2. e4 Nf6 3. Nc3 e5 4. Nf3 Nbd7 5. Bc4 Be7 6. a4 O-O 7. O-O a5 8. h3 c6
9. Re1 exd4 10. Qxd4 Nc5 11. b3 Be6 12. Bb2 Bxc4 13. Qxc4 Qb6 14. Rad1 Qb4 15.
Nd2 Rfe8 16. Qxb4 axb4 17. Na2 d5 18. Bxf6 Bxf6 19. exd5 Rxe1+ 20. Rxe1 cxd5 21.
Nb1 Na6 22. c3 bxc3 23. Nbxc3 Bxc3 24. Nxc3 d4 25. Nd5 Rd8 26. Nb6 Kf8 27. Kf1
Nb4 28. Nc4 Nd3 29. Rd1 Nc5 30. Nd2 Rd5 31. Ra1 Ke7 32. b4 Nd3 33. Rb1 Rf5 34.
Nf3 Rd5 35. g3 Kd6 36. Ke2 Ne5 37. Nxe5 Rxe5+ 38. Kd3 Rf5 39. Rb2 Kd5 40. f4 Rf6
41. Rc2 b6 42. Re2 Rh6 43. Re5+ Kd6 44. h4 f6 45. Rb5 Kc6 46. h5 g6 47. g4 f5
48. gxf5 gxh5 49. Kxd4 h4 50. Re5 h3 51. Re1 h2 52. Rh1 Kd6 53. Ke4 Rh3 54. a5
Rb3 55. axb6 Rxb4+ 56. Kf3 Rxb6 57. Rxh2 Rb7 58. Rh6+ Kd5 59. Ra6 Rg7 60. f6 Rg8
61. f7 Rf8 62. Rf6 1-0

[Event "CN Equipas 2017 - 1. div"]
[Site "Leiria POR"]
[Date "2017.07.23"]
[Round "9.2.1"]
[White "Medarde Santiago, Luis Marcos"]
[Black "Zeibel, Patrick"]
[Result "0-1"]
[WhiteElo "2354"]
[BlackElo "2452"]
[WhiteFideId "2263076"]
[BlackFideId "24624322"]
[WhiteTeam "FC Barreirense 'A'"]
[BlackTeam "CX Montemor-o-Velho/CTGA 'A'"]
[WhiteTitle "FM"]
[BlackTitle "IM"]
[PlyCount "60"]

1. e4 c5 2. Ne2 d6 3. g3 g6 4. Bg2 Bg7 5. c3 h5 6. h3 Bd7 7. d4 Qc8 8. Be3 Na6
9. Na3 Nf6 10. f3 Rb8 11. Qd2 b5 12. Nc2 b4 13. cxb4 Nxb4 14. dxc5 Nxc2+ 15.
Qxc2 O-O 16. Rc1 dxc5 17. Bxc5 Qa6 18. Nc3 Rfc8 19. Be3 Be6 20. Kf2 Nd7 21. Bf1
Qb7 22. Be2 Bxa2 23. Qa4 Be6 24. Ba6 Qxb2+ 25. Rc2 Rxc3 26. Rxb2 Rxb2+ 27. Be2
Rcc2 28. Qa6 Ra2 29. Qd3 Bc4 30. Qxd7 Rxe2+ 0-1

[Event "CN Equipas 2017 - 1. div"]
[Site "Leiria POR"]
[Date "2017.07.23"]
[Round "9.2.2"]
[White "Polaczek, Richard"]
[Black "Dâmaso, Rui"]
[Result "0-1"]
[WhiteElo "2406"]
[BlackElo "2434"]
[WhiteFideId "200026"]
[BlackFideId "1900030"]
[WhiteTeam "CX Montemor-o-Velho/CTGA 'A'"]
[BlackTeam "FC Barreirense 'A'"]
[WhiteTitle "IM"]
[BlackTitle "IM"]
[PlyCount "112"]

1. d4 d6 2. Nf3 Nf6 3. g3 c5 4. d5 g6 5. Nc3 Bg7 6. Bg2 Bf5 7. Nd2 Qc8 8. h3 O-O
9. Nc4 Na6 10. e4 Bd7 11. a4 Nc7 12. Na3 b6 13. Nc4 Qa6 14. Qe2 b5 15. Ne3 Qa5
16. O-O b4 17. Nb1 e6 18. Nd2 exd5 19. exd5 Nb5 20. Ndc4 Nd4 21. Qd1 Qa6 22. Re1
Rae8 23. c3 bxc3 24. bxc3 Ne4 25. Bb2 Nf5 26. Qc2 Nxe3 27. Nxe3 f5 28. Nf1 Ng5
29. f4 Rxe1 30. Rxe1 Ne4 31. Kh2 Bxa4 32. Ra1 Bxc2 33. Rxa6 Rb8 34. Ba1 Rb7 35.
Ne3 Bd3 36. c4 Bd4 37. Ra3 Be2 38. g4 Rb1 39. Bxd4 cxd4 40. gxf5 Nc5 41. fxg6
hxg6 42. Ra2 dxe3 43. Rxe2 Rb3 44. Ra2 a5 45. Bf3 a4 46. Kg3 a3 47. f5 gxf5 48.
Kf4 Nd3+ 49. Kxf5 Nc1 50. Ra1 e2 51. Bxe2 Nxe2 52. Ke6 Nd4+ 53. Kxd6 Nc2 54.
Rg1+ Kh7 55. c5 a2 56. c6 Rb1 0-1

[Event "CN Equipas 2017 - 1. div"]
[Site "Leiria POR"]
[Date "2017.07.23"]
[Round "9.3.2"]
[White "Camacho Collados, Marcos"]
[Black "Espineira, Diego"]
[Result "1/2-1/2"]
[WhiteElo "2417"]
[BlackElo "2364"]
[WhiteFideId "2266237"]
[BlackFideId "2229498"]
[WhiteTeam "ADRC Mata de Benfica 'A'"]
[BlackTeam "O AmanhÃ£ da CrianÃ§a 'A'"]
[WhiteTitle "IM"]
[BlackTitle "IM"]
[PlyCount "88"]

1. Nf3 Nf6 2. e3 b6 3. b3 Bb7 4. Bb2 c5 5. Be2 e6 6. O-O Be7 7. c4 O-O 8. d4 d6
9. Nc3 a6 10. a3 Nbd7 11. Bd3 Rc8 12. Qe2 Qc7 13. b4 e5 14. d5 cxb4 15. axb4 e4
16. Nxe4 Nxe4 17. Bxe4 Qxc4 18. Bd3 Qxd5 19. Rfd1 Qh5 20. Bxa6 Bxf3 21. Qxf3
Qxf3 22. gxf3 Rc2 23. Bd4 Ne5 24. Bxb6 Rb8 25. Ba5 Bh4 26. Rf1 Nxf3+ 27. Kg2 Nd2
28. Rfc1 Rxc1 29. Rxc1 Nb3 30. Bc7 Rxb4 31. Bxd6 Nxc1 32. Bxb4 Na2 33. Bd6 Nc3
34. Bb7 Nd1 35. Bb4 g5 36. Be1 Nxe3+ 37. fxe3 Bxe1 38. Bc8 Kg7 39. Bf5 h5 40. h3
Kf6 41. e4 Ke5 42. Bh7 Kf4 43. Bf5 f6 44. Bg6 Ke5 1/2-1/2

[Event "CN Equipas 2017 - 1. div"]
[Site "Leiria POR"]
[Date "2017.07.23"]
[Round "9.4.1"]
[White "Fier, Alexandr"]
[Black "Luch, Michal"]
[Result "1-0"]
[WhiteElo "2589"]
[BlackElo "2393"]
[WhiteFideId "2107139"]
[BlackFideId "1120042"]
[WhiteTeam "AX Portugal/Atlantidiagonal 'A'"]
[BlackTeam "AA Coimbra 'A'"]
[WhiteTitle "GM"]
[BlackTitle "IM"]
[PlyCount "178"]

1. d4 Nf6 2. c4 e6 3. Nf3 d5 4. Nc3 Bb4 5. cxd5 exd5 6. Bg5 Qd6 7. Nd2 Bf5 8. a3
Bxc3 9. bxc3 Nbd7 10. e3 O-O 11. Qb3 Qb6 12. c4 c5 13. Qxb6 axb6 14. dxc5 bxc5
15. cxd5 Nxd5 16. Bb5 Nc3 17. Bxd7 Bxd7 18. f3 f6 19. Bf4 Ra4 20. Kf2 Rfa8 21.
Nb1 Nxb1 22. Raxb1 Bc6 23. Bd6 Rxa3 24. Bxc5 Ra2+ 25. Kg3 R8a5 26. Rhc1 Rd2 27.
Ra1 Rb5 28. h4 Rbb2 29. Rg1 h5 30. Ba3 Ra2 31. Rxa2 Rxa2 32. Bc5 Kf7 33. Bd4 Ke6
34. Kf4 Kf7 35. Kg3 Ke6 36. Rd1 Kf7 37. Rc1 Ke6 38. Rc5 g6 39. Rc1 Kf7 40. Rd1
Ba4 41. Rb1 Bc6 42. Bb6 Ra8 43. Rd1 Re8 44. Kf4 Re6 45. Bd4 Re8 46. Ra1 Re6 47.
Ra5 Re8 48. Kg3 Re6 49. Kf4 Re8 50. e4 Rd8 51. Ke3 Re8 52. Bc3 Re6 53. Kf4 Re8
54. Ra2 Re6 55. Re2 Re8 56. e5 fxe5+ 57. Bxe5 Ra8 58. Kg5 Ra5 59. Kh6 Ra8 60.
Rd2 Re8 61. Bc3 Re6 62. Kh7 Be8 63. Rb2 Bc6 64. Bd4 Rd6 65. Rb4 Re6 66. Bc3 Ke7
67. Rf4 Be8 68. Kg7 Kd7 69. Rd4+ Rd6 70. Rb4 Kc6 71. Bf6 Re6 72. Rc4+ Kd5 73.
Rd4+ Kc5 74. Rd8 b5 75. g4 hxg4 76. fxg4 b4 77. g5 Kc4 78. Kf8 Bc6 79. Kf7 Re4
80. Rc8 Kb5 81. Rh8 b3 82. Kxg6 Re2 83. Rb8+ Kc4 84. h5 Bb5 85. Rc8+ Kd5 86.
Rd8+ Ke6 87. h6 b2 88. Bxb2 Rxb2 89. h7 Kd5 1-0

[Event "CN Equipas 2017 - 1. div"]
[Site "Leiria POR"]
[Date "2017.07.23"]
[Round "9.4.2"]
[White "Brodowski, Piotr"]
[Black "Reis, Luís Sousa"]
[Result "1/2-1/2"]
[WhiteElo "2442"]
[BlackElo "2182"]
[WhiteFideId "1124480"]
[BlackFideId "1900609"]
[WhiteTeam "AA Coimbra 'A'"]
[BlackTeam "AX Portugal/Atlantidiagonal 'A'"]
[WhiteTitle "IM"]
[BlackTitle "NM"]
[PlyCount "54"]

1. c4 e5 2. g3 Nf6 3. Bg2 c6 4. d4 exd4 5. Qxd4 d5 6. cxd5 cxd5 7. Nf3 Nc6 8.
Qd1 Be7 9. O-O O-O 10. Nc3 Be6 11. Ng5 Qd7 12. Nxe6 fxe6 13. Bd2 Rf7 14. Qa4
Raf8 15. Rad1 Bc5 16. Bf4 Qe7 17. Bg5 h6 18. Bc1 Ne5 19. h3 Nh5 20. e3 Nf3+ 21.
Kh1 Ne5 22. Kg1 Nf3+ 23. Kh1 Ne5 24. Kg1 Nf3+ 25. Kh1 Ne5 26. Kg1 Nf3+ 27. Kh1
Ne5 1/2-1/2

[Event "CN Equipas 2017 - 1. div"]
[Site "Leiria POR"]
[Date "2017.07.23"]
[Round "9.5.1"]
[White "Vasques, António"]
[Black "Martinez, Lelys"]
[Result "0-1"]
[WhiteElo "2307"]
[BlackElo "2495"]
[WhiteFideId "1908332"]
[BlackFideId "3504727"]
[WhiteTeam "Sporting Clube Portugal 'A'"]
[BlackTeam "GD Dias Ferreira 'A'"]
[WhiteTitle "FM"]
[BlackTitle "GM"]
[PlyCount "112"]

1. e4 e5 2. Nf3 Nc6 3. Bc4 Nf6 4. d3 h6 5. Nbd2 g6 6. Nf1 d5 7. exd5 Nxd5 8. Ne3
Nb6 9. Bb5 Bg7 10. Bxc6+ bxc6 11. O-O O-O 12. Bd2 Re8 13. a4 Rb8 14. Re1 f5 15.
Bc3 Ba6 16. a5 Nd5 17. Nxd5 Qxd5 18. Nd2 Rbd8 19. Qf3 Rd6 20. Re3 Rde6 21. Rae1
Qd6 22. Qd1 e4 23. Bxg7 Kxg7 24. Nc4 Bxc4 25. dxc4 Qe5 26. b3 Rd6 27. Qa1 Qxa1
28. Rxa1 Rd2 29. f3 Kf6 30. Rae1 exf3 31. Rxe8 f2+ 32. Kf1 fxe1=Q+ 33. Kxe1 Rxg2
34. Ra8 Ke7 35. Rxa7 Kd7 36. Ra8 Rxc2 37. a6 Rxh2 38. Rg8 Ra2 39. Rxg6 Rxa6 40.
Rxh6 Rb6 41. Rh3 Kd6 42. Kd2 Ke5 43. Kc3 c5 44. Rd3 Rd6 45. Re3+ Kf6 46. b4
cxb4+ 47. Kxb4 f4 48. Re1 Kf5 49. c5 Re6 50. Rf1 c6 51. Ka5 Ke4 52. Kb6 f3 53.
Re1+ Kf5 54. Rd1 Rf6 55. Rd6 f2 56. Rxc6 Rxc6+ 0-1

[Event "CN Equipas 2017 - 1. div"]
[Site "Leiria POR"]
[Date "2017.07.23"]
[Round "9.5.4"]
[White "Gonzalez Perez, Arian"]
[Black "Moura, António"]
[Result "1-0"]
[WhiteElo "2461"]
[BlackElo "1979"]
[WhiteFideId "3507777"]
[BlackFideId "1903853"]
[WhiteTeam "GD Dias Ferreira 'A'"]
[BlackTeam "Sporting Clube Portugal 'A'"]
[WhiteTitle "IM"]
[PlyCount "31"]

1. e4 c5 2. Nf3 Nc6 3. d4 cxd4 4. Nxd4 Nf6 5. Nc3 e5 6. Ndb5 d6 7. Bg5 a6 8. Na3
b5 9. Bxf6 gxf6 10. Nd5 Be6 11. c3 f5 12. exf5 Bxd5 13. Qxd5 Rc8 14. Nc2 Qb6 15.
f6 Qd8 16. a4 1-0